000 00429nam a2200181Ia 4500
003 0100
008 130303s9999 xx 000 0 und d
040 _cARRUPELIB
050 _aBR305.2.L486 1996
100 _aLindberg, Carter
245 4 _aThe European reformations
260 _bBlackwell publishing
260 _C1996
300 _axv
300 _b 444p. 23cm
650 _bDevotional literature
942 _2lcc
_01
999 _c64774
_d64774